Представление документа в формате MARC21

Поле Инд. ПП Название Значение
Тип записи a
Библиографический уровень m
001 Контрольный номер UNIDUBNAe2f9e05bb68c4137b9dd2c56cae48b0e
005 Дата корректировки 20260413103607.9
008 Кодируемые данные 20090527
041 0_ a Код языка текста rus
084 a Индекс другой классификации/Индекс ББК 20.173я73
097 00 a 230
100 10 a Автор Сытник Н. А.
245 00 a Заглавие Нормирование и снижение загрязнения окружающей среды
b Продолж. заглавия учебник для студентов направления подготовки 05.03.06 Экология и природопользование очной и заочной форм обучения
260 00 a Место издания Керчь
b Издательство КГМТУ
c Дата издания 2020
300 00 a Объем 149 с.
b Иллюстрации/ тип воспроизводства ил.
336 a Термин вида содержания Текст
337 a Термин типа средства электронный
521 00 a Примеч. о целев. назн. бакалавриат
a Примеч. о целев. назн. магистранты
650 04 a Основная рубрика охрана окружающей среды
a Основная рубрика экология
653 0_ a Ключевые слова загрязнение биосферы
a Ключевые слова загрязнение воды
a Ключевые слова загрязнение воздуха
a Ключевые слова загрязнение земель
a Ключевые слова нормативно-правовое обеспечение
a Ключевые слова обращение с отходами
a Ключевые слова проект нормативов образования отходов и лимитов на их размещение (ПНООЛР)
a Ключевые слова радиоактивное загрязнение
a Ключевые слова санитарно-гигиеническое нормирование
a Ключевые слова техногенные нагрузки
a Ключевые слова шумовое загрязнение
a Ключевые слова экологические нагрузки
a Ключевые слова экологическое нормирование
a Ключевые слова экологическое проектирование
655 00 a Жанр/ форма (устаревшее) учебное пособие
856 40 a Имя сервера/домена ЭБС "Лань"
d Путь http://e.lanbook.com/
i Указания/сценарий входа Доступ по логину и паролю
u URL https://e.lanbook.com/book/157006
v Время доступа к ресурсу 10.04.2027
y Справочный текст Электронная версия
900 x Справочная информация Полный текст
901 t Тип документа 0
952 a Тип литературы для КСУ ВШ УИ